000 00674cam a2200229 4500
001 D15701
008 090401t1978 xxu||||| |||| 00| 0 eng d
035 _a(Sirsi) u24676
041 _aeng
050 _a622.1
090 _aRICS 1978/50ABC
110 _aRoyal Institution of Chartered Surveyors
_94900
245 4 _aThe Minerals surveyor in the United Kingdom. Report of the Working Party under the Chairmanship of W A M Jones.
260 _bRICS
_c1978
300 _a4. 82p. 21cm. Tables. diags
350 _a0
520 _aFiled in Box 1978/50 ABC
700 _aJones, W. A. M.
_xChairman
710 _aMinerals Division
942 _n0
948 _c04/03/1997
999 _c88590
_d88590